| 000 | 00864nam a22002897a 4500 | ||
|---|---|---|---|
| 001 | BR8303081 | ||
| 003 | BR-BrBNA | ||
| 005 | 20230928091706.0 | ||
| 007 | ta | ||
| 008 | 230509b bl.||||| |||| 00| 0 por d | ||
| 040 |
_aBR-BrBNA _bpor _cBiblioteca Nacional de Agricultura |
||
| 041 | _a(Por) | ||
| 072 |
_aH00; H10; H20 _b4010 _b4100 _b/G514 |
||
| 090 | _ 4010 BR8303081 | ||
| 110 | 1 |
_aSecretaria de Defesa Sanitaria Vegetal, Brasilia, DF (Brasil) _98730 |
|
| 245 | 1 | _aOcorrencias fitossanitarias - 1. trimestre de 1983 [Brasil] | |
| 260 | 3 |
_aBrasilia, DF (Brasil): _c1983. |
|
| 300 | _a35 p. | ||
| 500 | _aNumerical data | ||
| 650 | _aDEFESA VEGETAL | ||
| 650 | _aLEVANTAMENTO FITOSSANITARIO | ||
| 650 | _aPRAGA DE PLANTA | ||
| 650 | _aDOENCA DE PLANTA | ||
| 650 | _aDISTRIBUICAO GEOGRAFICA | ||
| 909 |
_a202309 _bLucia _c55 _dLucia Elande |
||
| 942 | _cBK | ||
| 999 |
_c35038 _d35038 |
||